Một số quy định pháp luật về quy hoạch, kế hoạch phát triển kinh tế xã hội

Gồm các văn bản của chính phủ ban hành qui định công tác xây dựng quy hoạch, kế hoạch phát triển kinh tế - xã hội, cấp thoát nước đô thị, qui hoạch phát triển nông. Lâm nghiệp nông thôn, phát triển nguồn nhân lực, phát triển sự nghiệp giáo...

Full beskrivning

Sparad:
Bibliografiska uppgifter
Materialtyp: Bok
Språk:Undetermined
Publicerad: Hà Nội Chính trị Quốc gia 2002
Ämnen:
Taggar: Lägg till en tagg
Inga taggar, Lägg till första taggen!
Thư viện lưu trữ: Trung tâm Học liệu Trường Đại học Cần Thơ
LEADER 00968nam a2200193Ia 4500
001 CTU_111736
008 210402s9999 xx 000 0 und d
020 |c 65500 
082 |a 346.045 
082 |b M458 
245 0 |a Một số quy định pháp luật về quy hoạch, kế hoạch phát triển kinh tế xã hội 
260 |a Hà Nội 
260 |b Chính trị Quốc gia 
260 |c 2002 
520 |a Gồm các văn bản của chính phủ ban hành qui định công tác xây dựng quy hoạch, kế hoạch phát triển kinh tế - xã hội, cấp thoát nước đô thị, qui hoạch phát triển nông. Lâm nghiệp nông thôn, phát triển nguồn nhân lực, phát triển sự nghiệp giáo dục. 
650 |a Land use,Economic aspects 
650 |x Law and legislation 
904 |i Giang 
980 |a Trung tâm Học liệu Trường Đại học Cần Thơ